000 01255nam a2200397Ia 4500
001 dia_5266
003 CHAP
005 20230926184351.0
007 ta
008 220117s2013 mx ao fr 001 0 spa d
010 _a176175
020 _a978-968-18-4549-0
040 _cCHAP
_amxchpua
050 _aTX763
_b.G57 2013
082 _a664.752
_bG57 2013
_220
100 1 _aGisslen, Wayne
_9158043
_eautor
240 1 0 _aProfessional baking.
_lEspañol
245 1 0 _aPanadería y repostería para profesionales /
_cWayne Gisslen ; traductora Herenia Antillón Almazán
250 _a1a edición
260 _aMéxico :
_bLimusa Wiley,
_c2013
300 _axix, 378 páginas :
_bilustraciones, tablas, fotos
336 _atexto
_btxt
_2rdacontent
337 _asin medio
_bn
_2rdamedia
338 _avolumen
_bnc
_2rdacarrier
504 _aBibliografía: página 363
650 1 3 _aAlimentos
_xPresentación
_9158044
650 1 3 _aHornear
_9158047
650 1 3 _aBaking
_9158045
650 1 3 _aFood presentation
_9158046
700 1 _aAntillón Almazán, Herenia
_9158048
_etraductora
901 _a664.752 G57 2013
902 _aM
905 _a5232272013 mx adfn8222223322spa16
942 _2ddc
942 _cLIBRO
999 _c176175
_d176175